| 000 | 00402nam a2200157Ia 4500 | ||
|---|---|---|---|
| 008 | 231217s9999 xx 000 0 und d | ||
| 041 | _aEnglish | ||
| 082 | _a658.076 CHO1;2 `R' | ||
| 100 | _aChopra, Ravi | ||
| 245 | 0 | _aMaster key to MBA entrance exam: Single key for every MBA entrance | |
| 250 | _a6th ed. | ||
| 260 |
_c2000 _bGalgotia |
||
| 300 | _ax+F7+14 | ||
| 650 | _aMBA | ||
| 942 | _cAA | ||
| 999 |
_c166889 _d166889 |
||